| 000 | 00796nam a2200265Ia 4500 | ||
|---|---|---|---|
| 003 | OSt | ||
| 005 | 20220927105825.0 | ||
| 006 | a|||||r|||| 00| 0 | ||
| 007 | ta | ||
| 008 | 220926b |||||||| |||| 00| 0 eng d | ||
| 020 | _a0415415411 | ||
| 024 | _a201113 | ||
| 037 | _cReference Collections | ||
| 040 |
_aRTL _cRTL _beng |
||
| 041 |
_2eng _aeng |
||
| 082 | _a"V2-3.N47<-M58, P7" | ||
| 100 |
_aERNST Waltraud _9375299 |
||
| 245 | 0 |
_aIndia's princely states _b" People, princes and colonialism" |
|
| 260 |
_a"London," _b"Routledge, " _c2007 |
||
| 300 |
_a"xiii, 231p" _ccm. |
||
| 500 | _aBibilography: P 210-224 | ||
| 700 |
_a PATI Biswamoy _9375300 |
||
| 942 |
_h"V2-3.N47<-M58, P7" _cCC |
||
| 999 |
_c694866 _d694866 |
||